03014nac a22003251u 4500010001700000020001500017020001800032035002300050082001500073090001500088100003400103245013000137250001200267260005100279300004100330490006800371500002600439504005100465505068300516511002601199520106601225650002702291700002402318700002102342830007802363856009102441942001702532999001502549952012402564 a 2005043053 a0849330238 a9780849330230 a(OCoLC)ocm5753149300a363.3bBOL c7350d7350 aBolz, Frank, 14aThe counterterrorism handbook :btactics, procedures, and techniques /cFrank Bolz, Jr., Kenneth J. Dudonis, David P. Schulz. a3rd ed. aBoca Raton, FL :bTaylor & Francis,2005c2005. axxiv, 401 p. :bill., maps ;c25 cm.1 aPractical aspects of criminal and forensic investigations ;v41 adistributer: Al-Ahram aIncludes bibliographical references and index.0 aForeword / Robert Kupperman, Stephanie Lanz -- Acknowledgments -- Introduction -- 1. What is terrorism, who are terrorists, what do they do? -- 2. Common elements of terrorism -- 3. Terrorism defense planning -- 4. Bomb defense planning -- 5. Hostage situations -- 6. Kidnapping -- 7. Threat of weapons of mass destruction -- 8. Domestic terrorism -- 9. Bomb incidents -- 10. Hostage incidents -- 11. Postblast environment -- 12. Hostage/Kidnapping aftermath -- 13. Interviewing victims -- 14. Role of the commander -- 15. The command post -- 16. A closer look at 9/11 -- Appendix A. Government-sponsored terrorism -- Appendix B. Foreign terrorist organizations (FTOs) -- Index. acatalogued by: wessam aThis book is an invaluable resource for those who recognize that preparation is the best defense in the war on terror. Revised and expanded to reflect information obtained since the September 11th attacks, this latest edition provides an understanding of the strategies, tactics, and techniques required to counter terrorism as it exists today. It illustrates essential topics such as the elements common to all terrorism, bomb threats, risk assessment, hostage situations, and weapons of mass destruction. New addition to the third edition include: provides a closer look at what transpired during and after the attacks on the World Trade Center and the Pentagon; discusses the current state of WMD's, including threats from chemical and biological agents and those posed by nuclear weapons; divulges the latest modes of domestic terrorism, including cyber-terrorism and eco-terrorism; discloses the latest information on what's going on with Homeland Security; covers recent INS laws as they relate to terrorist activity and how they effect homeland security. 0aTerrorismxPrevention.1 aDudonis, Kenneth J.1 aSchulz, David P. 0aCRC series in practical aspects of criminal and forensic investigations ;423Publisher descriptionuhttp://www.loc.gov/catdir/enhancements/fy0664/2005043053-d.html cBBk363.3BOL c7350d7350 00102ddc4070aMAINbMAINc1STd2008-01-22ePurchasel4m18o363.3BOLp000008948r2025-07-15 00:00:00s2016-11-12yBB